Central Library OPAC University of Rajshahi

Isolation and molecular characterization of bacteria from diseased farm fish / (Record no. 81169)

MARC details
000 -LEADER
fixed length control field 01089nam a22002657a 4500
001 - CONTROL NUMBER
RUCL Control Number 81169
003 - CONTROL NUMBER IDENTIFIER
rucl marc code BD-RjUL
005 - DATE AND TIME OF LATEST TRANSACTION
control field 20231128113901.0
008 - FIXED-LENGTH DATA ELEMENTS--GENERAL INFORMATION
fixed length control field 230205s2015 bg a|||| m||| 00| 0 eng d
035 ## - SYSTEM CONTROL NUMBER
system control number (BD-RjUL)81169
040 ## - CATALOGING SOURCE
Original cataloging agency BD-RjUL
Language of cataloging eng
Transcribing agency BD-RjUL
Modifying agency BD-RjUL
041 ## - LANGUAGE CODE
Language code of Book eng
082 ## - DEWEY DECIMAL CLASSIFICATION NUMBER
DDC Edition number 23
Classification number 639.3
Author mark and Year AHI 2015
100 ## - MAIN ENTRY--PERSONAL NAME
Personal name Ahsan, Md. Kamrul
9 (RLIN) 6831
245 10 - TITLE STATEMENT
Title Isolation and molecular characterization of bacteria from diseased farm fish /
Statement of responsibility, etc By Md. Kamrul Ahsan ;
Name of Supervisor/Co-Supervisor Principal Supervisor : Selina Parween, Co-Supervisor : Ananda Kumar Saha, Co-Supervisor : Md. Mosharrof Hossain.
260 ## - PUBLICATION, DISTRIBUTION, ETC. (IMPRINT)
Place of publication, distribution, etc Rajshahi :
Name of publisher, distributor, etc Department of Zoology, University of Rajshahi,
Date of publication, distribution, etc 2015.
300 ## - PHYSICAL DESCRIPTION
Pagination xv, 227 leaves :
Other physical details ill, ;
Dimensions 29.cm.
502 ## - DISSERTATION NOTE
Dissertation note Thesis (Ph. D.) -- Department of Zoology, University of Rajshahi, 2015
504 ## - BIBLIOGRAPHY, ETC. NOTE
Bibliography, etc References : Leaves 172 - 211
650 ## - SUBJECT ADDED ENTRY--TOPICAL TERM
Topical term or geographic name as entry element Fishes
Form subdivision Fishing
9 (RLIN) 6832
700 ## - ADDED ENTRY--SUPERVISOR/CO-SUPERVISOR NAME
Personal name Parween, Selina, Principal Supervisor
9 (RLIN) 5723
Personal name Saha, Ananda, Kumar, Co-Supervisor
9 (RLIN) 6158
Personal name Hossain, Md. Mosharrof, Co-Supervisor
9 (RLIN) 6833
942 ## - ADDED ENTRY ELEMENTS (KOHA)
Source of classification or shelving scheme Dewey Decimal Classification
Koha item type Theses
Holdings
Source of classification or shelving scheme Damaged status Not for loan Collection code Permanent Location Current Location Shelving location Date of accession Source of acquisition Total Checkouts Full call number Barcode Date last seen Copy number Thesis
Dewey Decimal Classification   Not For Loan Theses Central Library, University of Rajshahi Central Library, University of Rajshahi Documentation Section 25/07/2016 Controller of Exam. R.U.   THE 639.3 AHI 2015 D3933 05/02/2023 C-1 Theses